| 000 | 005850000a22001210004500 | ||
|---|---|---|---|
| 100 | 1 | _aCuéllar Barona, Margarita | |
| 245 | 1 | 0 | _aAnclado en Cali : Perfil de Tim Keppel autor de Alerta de terremoto |
| 300 | _aVol.0, núm.14 (Noviembre, 2006), Página 14 | ||
| 500 | _aCrítica de cine. | ||
| 520 | _aMas allá de la anécdota de ser gringo, el escritor Tim Keppelha sabido capturar algo de la esencia caleña y colombiana en su primer libro de relatos. ¿Cómo llegó un escritor gringo a Cali y por qué se quedo? | ||
| 773 | 0 | _tArcadia / Andrés Felipe Solano, Editor | |
| 942 | _cANA | ||
| 999 |
_c61851 _d61851 |
||